Requerimientos de clima y suelo: frutales de hoja caduca

Αποθηκεύτηκε σε:
Λεπτομέρειες βιβλιογραφικής εγγραφής
Συγγραφή απο Οργανισμό/Αρχή: Centro de Información de Recursos Naturales (Συγγραφέας)
Μορφή: Βιβλίο
Γλώσσα:Ισπανικά
Έκδοση: Santiago CIREN 1989
Σειρά:Publicación Ciren, 83
Θέματα:
Ετικέτες: Προσθήκη ετικέτας
Δεν υπάρχουν, Καταχωρήστε ετικέτα πρώτοι!

MARC

LEADER 00000nam a2200000 a 4500
001 UCX9856
003 CL-VaPUC
008 940630e19890000CL |||||||||||||||||spa|d
082 0 4 |a 634  |b CEN  |2 21 
110 2 |a Centro de Información de Recursos Naturales  |e author  |9 327355 
245 1 0 |a Requerimientos de clima y suelo: frutales de hoja caduca 
300 |a 79 p 
942 |c BK 
945 |d 19940630 00:00:00  |a mfernand 
260 |a Santiago  |b CIREN  |c 1989 
650 0 |a Fruticultura  |9 259678 
650 0 |a Árboles frutales   |9 264297 
650 0 |a Agrometeorología  |9 333565 
651 7 |a CHILE  |2 CL-VaPUC  |9 327356 
583 |a last modification  |c 19940630 00:00:00  |k Rodrigo Vera 
490 0 |a Publicación Ciren, 83 
999 |c 228983  |d 228981 
952 |0 0  |1 0  |4 0  |6 634_000000000000000_CEN_1989  |7 0  |8 A  |9 229496  |a BIBAGR  |b BIBAGR  |d 2019-11-15  |i 2991632  |o 634 CEN 1989  |p 2991632  |r 2025-01-20  |w 2019-11-15  |y BK  |k AGR 
952 |0 0  |1 0  |4 0  |6 634_000000000000000_CEN_1989  |7 0  |8 A  |9 229497  |a BIBAGR  |b BIBAGR  |d 2019-11-15  |i 3539598  |l 3  |o 634 CEN 1989  |p 3539598  |r 2025-01-20  |s 2022-04-26  |w 2019-11-15  |y BK  |k AGR 
952 |0 0  |1 0  |4 0  |6 634_000000000000000_CEN_1989  |7 0  |8 A  |9 229498  |a BIBAGR  |b BIBAGR  |d 2019-11-15  |i 3539601  |l 1  |o 634 CEN 1989  |p 3539601  |r 2025-01-20  |s 2022-05-20  |w 2019-11-15  |y BK  |k AGR 
952 |0 0  |1 1  |2 ddc  |4 0  |6 634_000000000000000_CEN_1989  |7 0  |8 A  |9 229499  |a BIBAGR  |b BIBAGR  |d 2019-11-15  |i 353961K  |o 634 CEN 1989  |p 353961K  |r 2019-11-15  |w 2019-11-15  |y BK  |k AGR